| 000 | 01112njm a2200265 i 4500 | ||
|---|---|---|---|
| 001 | 5038 | ||
| 003 | ES-MaACL | ||
| 005 | 20250811101923.0 | ||
| 007 | s|r||||||||||| | ||
| 008 | 070913s1984 sp ||| g ||||||||1|nspa d | ||
| 100 | 0 |
_aFernández Ordóñez, Francisco. _949968 |
|
| 245 | 1 | 0 |
_aIndalecio Prieto, Ministro de Hacienda _h[Grabación sonora] / _cinterviene Francisco Fernández Ordóñez. |
| 260 |
_aMadrid : _bAteneo de Madrid, _c1984. |
||
| 300 |
_a1 disco (CD-DA) (1 h. 2 min. 3 seg.) ; _c12 cm. |
||
| 490 | 1 | _aI Centenario del Ateneo de Madrid en su sede actual | |
| 500 | _aDatos basados en la invitación. | ||
| 518 | _aActo organizado por el Ateneo de Madrid, grabado en el salón de actos el martes, 22 de mayo de 1984, a la 19:00 h. | ||
| 600 | 1 | 4 |
_aPrieto, Indalecio, _d1883-1962 _993889 |
| 610 | 0 | 4 |
_aAteneo de Madrid- _xActos culturales- _y1984- _vGrabaciones sonoras _91899 |
| 710 | 2 |
_aAteneo de Madrid. _91875 |
|
| 830 | 0 | 0 |
_aI Centenario del Ateneo de Madrid en su sede actual _9176776 |
| 852 |
_aES-MaACL _jROT 6/1/12 _95155 _cROT |
||
| 942 | _2udc | ||
| 999 |
_c5038 _d5038 |
||